000 01228nam0a22002771 4500
001 rc\546615
005 20260406150814.0
035 _a(NLR Aleph) 005782965
090 _a5128641
_c5128641
100 _a20030616d1987 |||y0rusy50 ca
101 0 _arus
102 _aRU
105 _aa |||||||||
200 1 _aХронобиология легких
_f[Г.Б. Федосеев, Н.А. Агаджанян, И.Б. Воронов и др.
_gОтв. ред. Г.Б. Федосеев, И.Б. Воронов]
_gАН СССР, Ин-т эволюц. физиологии и биохимии им. И.М. Сеченова
210 _aЛ.
_cНаука. Ленингр. отд-ние
_d1987
215 _a102, [2] с.
_cил.
_d22
300 _aАвт. указаны на обороте тит. л.
320 _aБиблиогр.: с. 95-103
701 1 _aФедосеев
_bГ. Б.
_gГлеб Борисович
712 0 2 _4570
_aИнститут эволюционной физиологии и биохимии им. И. М. Сеченова
_cЛенинград
_3RU\NLR\AUTH\889926252
_9348278
801 0 _aRU
_bNLR
_gpsbo
801 1 _aRU
_bELAR
_2rusmarc
852 _aNLR
_j88-5/668
942 _cBOOK
980 _aNB